Biological psychology (Record no. 2538)

000 -LEADER
fixed length control field 00289nam a22001337a 4500
020 ## - INTERNATIONAL STANDARD BOOK NUMBER
International Standard Book Number 9781111839529
082 ## - DEWEY DECIMAL CLASSIFICATION NUMBER
Classification number 612.8
100 ## - MAIN ENTRY--PERSONAL NAME
Personal name Kalat, James W
245 ## - TITLE STATEMENT
Title Biological psychology
250 ## - EDITION STATEMENT
Edition statement 11th
260 ## - PUBLICATION, DISTRIBUTION, ETC.
Place of publication, distribution, etc. Australia
Name of publisher, distributor, etc. Cengage learning
Date of publication, distribution, etc. 2013.
300 ## - PHYSICAL DESCRIPTION
Extent 584
942 ## - ADDED ENTRY ELEMENTS (KOHA)
Koha item type Book
Holdings
Withdrawn status Lost status Damaged status Not for loan Collection code Permanent Location Current Location Shelving location Date acquired Total Checkouts Total Renewals Full call number Barcode Checked out Date last seen Date last checked out Price effective from Koha item type
          Central Library (CL) Central Library (CL) General Stacks 01/26/2016 8 6 612.8 KAL S3H-P-74 10/31/2025 10/01/2025 10/01/2025 01/26/2016 Book
© 2023 Central Library, National University of Sciences and Technology. All Rights Reserved.